Jonathan's General Knowledge #1 - Statistics

General Stats
  • This quiz has been taken 665 times
  • The average score is 7 of 20
Answer Stats
# Hint Answer % Correct
16 In which city can you find the oldest university in the UK? Oxford
79%
17 Which country won the 2011 Cricket World Cup? India
62%
19 What is the name for a group of whales? Pod
55%
18 In Greek mythology, who is the God of war? Ares
54%
8 Olympia is the capital of which American state? Washington
53%
10 Matthew McConaughey won an Oscar in 2014 for his part in which movie? Dallas Buyers Club
45%
3 The Klondike Gold Rush took place in Alaska and which Canadian province? Yukon
43%
12 Christmas Island is an Indian Ocean territory of which country? Australia
42%
2 What is the largest alpine lake in Europe? Lake Geneva
41%
7 Aintree, known for its world famous racecourse, is a suburb of which English city? Liverpool
41%
20 What is the largest city in Tibet? Lhasa
29%
5 What nationality were Roald Dahl's parents? Norwegian
28%
14 What is the derivative of x^2 (x squared)? 2x
25%
13 Being For The Benefit Of Mr. Kite! is a 1967 song by which band? The Beatles
25%
1 What is the name of the beloved cat owned by Robert De Niro's character in Meet The Parents? Mr Jinx
22%
11 Who became the all time top scorer in the FIFA World Cup when he scored in 2014? Miroslav Klose
20%
6 Which British band, that reformed in 2011, are led by Ian Brown? The Stone Roses
18%
9 Alex Cross is a series of novels by which author? James Patterson
15%
4 What is the only Shakespeare play with a title that starts and finishes with the same word? Measure For Measure
7%
15 Which blues musician was wrongly presumed dead in Hurricane Katrina? Fats Domino
4%
No matching quizzes found
Score Distribution
Percent of People with Each Score
Percentile by Number Answered
Your Score History
You have not taken this quiz